[Event "Dosquebradas Fiestas del Progreso"]
[Site "Dosquebradas"]
[Date "2024.12.07"]
[Round "6"]
[White "Devia Padilla, Sebastian"]
[Black "Gomez Pulgarin, Pedro Linderman"]
[Result "0-1"]
[WhiteElo "1593"]
[BlackElo "1703"]
[PlyCount "88"]
[EventDate "2024.12.04"]
[EventType "swiss"]
[EventRounds "9"]
[EventCountry "COL"]
[SourceTitle "CB50_2024"]
[SourceDate "2024.11.01"]
[SourceVersion "1"]
[SourceVersionDate "2024.11.01"]
[SourceQuality "2"]

1. e4 c6 2. d4 d5 3. exd5 cxd5 4. Bd3 Nf6 5. Nf3 Bg4 6. h4 Bh5 7. 0-0 e6 8. Bg5 Be7 9. Nbd2 Nc6 10. c3 Rc8 11. Qb3 Rc7 12. Rfe1 0-0 13. Rac1 a6 14. a3 b5 15. a4 Rb7 16. axb5 axb5 17. Qc2 Bg6 18. Nb3 Nd7 19. Bxe7 Qxe7 20. Ne5 Ndxe5 21. dxe5 Rc8 22. Qe2 Rcb8 23. Nd4 Na5 24. Bxg6 hxg6 25. Ra1 Qc7 26. Rxa5 Qxa5 27. Nc6 Qb6 28. Nxb8 Rxb8 29. Rd1 Qc5 30. Qd3 b4 31. Rc1 Rc8 32. Qe2 d4 33. c4 b3 34. Qd3 Rb8 35. Re1 Rb4 36. Rc1 Qxe5 37. Rd1 Qc5 38. Qxd4 Rxc4 39. Qxc5 Rxc5 40. Rd3 Rb5 41. Kf1 f5 42. f4 Kf7 43. Ke2 Kf6 44. g3 g5 0-1

[Event "Pereira Cosecha op"]
[Site "Pereira"]
[Date "2024.08.29"]
[Round "3"]
[White "Devia Padilla, Sebastian"]
[Black "Restrepo, Hugo"]
[Result "0-1"]
[WhiteElo "1564"]
[BlackElo "1683"]
[PlyCount "74"]
[EventDate "2024.08.28"]
[EventType "swiss"]
[EventRounds "9"]
[EventCountry "COL"]
[SourceTitle "EXT 2025"]
[Source "ChessBase"]
[SourceDate "2024.10.14"]
[SourceVersion "1"]
[SourceVersionDate "2024.10.14"]
[SourceQuality "1"]

1. e4 c5 2. Nf3 e6 3. d4 cxd4 4. Nxd4 Nf6 5. Nc3 Nc6 6. Be2 a6 7. 0-0 Qc7 8. Be3 d6 9. Qd2 Be7 10. f4 Na5 11. Kh1 Nc4 12. Bxc4 Qxc4 13. Bg1 b5 14. e5 dxe5 15. fxe5 Nd5 16. Nxd5 Qxd5 17. Qf4 0-0 18. Rfd1 Bb7 19. Nf3 Qe4 20. Qxe4 Bxe4 21. Rd7 Rfe8 22. c3 Rad8 23. Rad1 Bd5 24. Ra7 Ra8 25. Rxa8 Rxa8 26. a3 Rc8 27. h3 g5 28. Be3 h6 29. Kg1 Kg7 30. Kf2 Kg6 31. g4 a5 32. Nd4 b4 33. axb4 axb4 34. cxb4 Bxb4 35. Bd2 Bc5 36. Bc3 f5 37. exf6 e5 0-1

[Event "Pereira Grajales Memorial"]
[Site "Pereira"]
[Date "2024.06.10"]
[Round "7"]
[White "Devia Padilla, Sebastian"]
[Black "Arias Arias, Yeison"]
[Result "0-1"]
[WhiteElo "1466"]
[BlackElo "1761"]
[PlyCount "70"]
[EventDate "2024.06.07"]
[EventType "swiss"]
[EventRounds "7"]
[EventCountry "COL"]
[SourceTitle "CBM 220 Extra"]
[Source "ChessBase"]
[SourceDate "2024.07.31"]
[SourceVersion "1"]
[SourceVersionDate "2024.07.31"]
[SourceQuality "1"]

1. e4 c5 2. Nf3 d6 3. d4 cxd4 4. Nxd4 Nf6 5. Nc3 a6 6. Be3 e5 7. Nb3 Be6 8. Be2 Be7 9. f3 Nbd7 10. Qd2 b5 11. a3 Nb6 12. Bxb6 Qxb6 13. g4 Rd8 14. Nd5 Nxd5 15. exd5 Bh4+ 16. Kd1 Bd7 17. c3 h6 18. Kc2 Bg5 19. Qd3 0-0 20. h4 Bf4 21. Nd2 f5 22. gxf5 Bxf5 23. Ne4 Rc8 24. Bf1 Bh7 25. Bh3 Rc7 26. Rhg1 a5 27. Rg2 b4 28. axb4 axb4 29. Ra6 Qb7 30. Rxd6 bxc3 31. bxc3 Qb4 32. Ra6 Bxe4 33. fxe4 Rb8 34. Kd1 Rxc3 35. Qf1 Rc1+ 0-1

[Event "Pereira Grajales Memorial"]
[Site "Pereira"]
[Date "2024.06.09"]
[Round "5"]
[White "Cano Alcaraz, Juan Jose"]
[Black "Devia Padilla, Sebastian"]
[Result "1-0"]
[WhiteElo "2047"]
[BlackElo "1466"]
[PlyCount "65"]
[EventDate "2024.06.07"]
[EventType "swiss"]
[EventRounds "7"]
[EventCountry "COL"]
[SourceTitle "CBM 220 Extra"]
[Source "ChessBase"]
[SourceDate "2024.07.31"]
[SourceVersion "1"]
[SourceVersionDate "2024.07.31"]
[SourceQuality "1"]

1. e4 c5 2. Nc3 Nc6 3. Bb5 g6 4. Bxc6 dxc6 5. d3 Bg7 6. f4 e6 7. Nf3 Nf6 8. e5 Nd5 9. Ne4 0-0 10. 0-0 b6 11. Qe2 a5 12. Rd1 Qe7 13. c4 Nc7 14. Be3 Rd8 15. f5 exf5 16. Bg5 Qf8 17. Bxd8 Qxd8 18. Nc3 Ne6 19. Qf2 Nd4 20. Re1 f6 21. Nxd4 cxd4 22. exf6 Bxf6 23. Ne2 Bb7 24. Nf4 c5 25. Re6 Bc8 26. Re2 Bh4 27. g3 Bf6 28. Nd5 Bg5 29. Rae1 Bb7 30. h4 Bxd5 31. hxg5 Bb7 32. Re7 Rb8 33. Qh2 1-0

[Event "Pereira Grajales Memorial"]
[Site "Pereira"]
[Date "2024.06.09"]
[Round "4"]
[White "Devia Padilla, Sebastian"]
[Black "Triana Castro, Francisco Javier"]
[Result "1-0"]
[WhiteElo "1466"]
[BlackElo "1692"]
[PlyCount "68"]
[EventDate "2024.06.07"]
[EventType "swiss"]
[EventRounds "7"]
[EventCountry "COL"]
[SourceTitle "CBM 220 Extra"]
[Source "ChessBase"]
[SourceDate "2024.07.31"]
[SourceVersion "1"]
[SourceVersionDate "2024.07.31"]
[SourceQuality "1"]

1. e4 d5 2. exd5 Qxd5 3. d4 c6 4. c4 Qa5+ 5. Nc3 Nf6 6. Bd2 Qc7 7. Nf3 Bg4 8. Be2 Bxf3 9. Bxf3 e6 10. g3 Nbd7 11. c5 Be7 12. Bf4 Qa5 13. 0-0 0-0 14. a3 a6 15. Qb3 e5 16. dxe5 Nxc5 17. Qb4 Qxb4 18. axb4 Nd3 19. exf6 Bxf6 20. Rab1 Nxb2 21. Rxb2 Bxc3 22. Rb3 Bf6 23. Rd1 Rad8 24. Rbd3 h6 25. Rxd8 Rxd8 26. Rxd8+ Bxd8 27. Be3 a5 28. bxa5 Bxa5 29. Kf1 f6 30. Bh5 Kh7 31. Be8 g5 32. g4 Kg7 33. Ke2 Bc3 34. h3 Be5 1-0

[Event "COL-ch U14"]
[Site "Barranquilla"]
[Date "2024.04.13"]
[Round "5"]
[White "Devia Padilla, Sebastian"]
[Black "Parra Ladino, Samuel Fernando"]
[Result "0-1"]
[WhiteElo "1600"]
[BlackElo "1500"]
[PlyCount "92"]
[EventDate "2024.04.11"]
[EventType "swiss"]
[EventRounds "7"]
[EventCountry "COL"]
[SourceTitle "CBM 219 Extra"]
[Source "ChessBase"]
[SourceDate "2024.05.31"]
[SourceVersion "1"]
[SourceVersionDate "2024.05.31"]
[SourceQuality "1"]

1. e4 d5 2. exd5 Qxd5 3. Nc3 Qe6+ 4. Nge2 Nc6 5. g3 Nd4 6. Bg2 Nxe2 7. Nxe2 Nf6 8. 0-0 Ng4 9. d4 g6 10. Nf4 Qd7 11. Bh3 f5 12. Re1 Bh6 13. Ne6 Bxc1 14. Rxc1 h5 15. c4 b6 16. Bg2 Rb8 17. c5 bxc5 18. Rxc5 Qd6 19. Nxc7+ Kf8 20. Rc6 Qb4 21. Qe2 Rh7 22. Nd5 Qxd4 23. Nxe7 Bd7 24. Rxg6 Rg7 25. Rxg7 Kxg7 26. Nd5 Re8 27. Qf1 Bb5 28. Rd1 Qxb2 29. Rb1 Bxf1 30. Rxb2 Bc4 31. Ne3 Nxe3 32. fxe3 Rxe3 33. Kf2 Ra3 34. Bh3 Kf6 35. Rc2 Rxa2 36. Rxa2 Bxa2 37. Kf3 Bc4 38. Kf4 Bd3 39. Bg2 Be4 40. Bf1 a5 41. Bc4 a4 42. h4 a3 43. Ba2 Bc2 44. Ke3 Ke5 45. Kd2 Ba4 46. Ke3 Bc6 0-1

[Event "COL-ch U14"]
[Site "Barranquilla"]
[Date "2024.04.12"]
[Round "2"]
[White "Rios Jimenez, Martin"]
[Black "Devia Padilla, Sebastian"]
[Result "0-1"]
[WhiteElo "1435"]
[BlackElo "1600"]
[PlyCount "96"]
[EventDate "2024.04.11"]
[EventType "swiss"]
[EventRounds "7"]
[EventCountry "COL"]
[SourceTitle "CBM 219 Extra"]
[Source "ChessBase"]
[SourceDate "2024.05.31"]
[SourceVersion "1"]
[SourceVersionDate "2024.05.31"]
[SourceQuality "1"]

1. e4 c5 2. Nf3 Nc6 3. Bb5 d6 4. 0-0 g6 5. d4 cxd4 6. Qxd4 Nf6 7. Nc3 Bg7 8. Qa4 Bd7 9. Re1 0-0 10. h3 a6 11. Bxc6 Bxc6 12. Qb3 Rc8 13. Be3 b5 14. Bf4 Nh5 15. Bh2 Kh8 16. Rad1 f5 17. Nd4 Bxd4 18. Rxd4 Qc7 19. e5 f4 20. exd6 exd6 21. Red1 Qb7 22. f3 Rce8 23. Ne4 Bxe4 24. fxe4 Rxe4 25. Rxd6 Rfe8 26. Qc3+ Ng7 27. Kf1 Re2 28. Qc6 Qa7 29. Bg1 Qe7 30. Qc3 f3 31. Qxf3 Re1+ 32. Kf2 Rxd1 33. Qxd1 Qe3+ 34. Kf1 Rf8+ 35. Qf3 Rxf3+ 36. gxf3 Qxf3+ 37. Bf2 Qxh3+ 38. Ke2 Nf5 39. Rxa6 Qg4+ 40. Kf1 b4 41. Ra4 Qd1+ 42. Kg2 h5 43. Rxb4 Qxc2 44. a4 Ne3+ 45. Kf3 Nd1 46. Bg3 Qd3+ 47. Kg2 Qe2+ 48. Kg1 Ne3 0-1